00896nam a2200217 i 4500001000700000003000900007005001700016007000300033008004100036100004200077245013100119260003300250300004100283490006100324650003300385700002800418830006900446852002200515999001900537952012200556189689ES-MaACL20251116063117.0t|190905s1942 sp ||||1| spa d1 aKirschner, Martin, d1879-194296814010aOperaciones en la cavidad abdominal / cpor el Prof. Martin Kirschner ; traducción del alemán por el Dr. Emilio Ardévol. aBarcelona : bLabor, c1942. aX, 604 p. : il. col. y n. ; c25 cm.1 aTratado de técnica operatoria general y especial ; v5 4aAbdomen-xCirugía.91469020 aArdevol, Emilio.9225370 aTratado de técnica operatoria general y especial ; v59193382 aES-MaACLjP-764-7 c189689d189689 00104070aATENEOMbATENEOMcDEPO2d2019-09-05eSCl0oP-764-7p1201070r2023-02-23 00:00:00w2023-02-23yMONOGRAFIA